| 000 | 00626cam a2200181 a 4500 | ||
|---|---|---|---|
| 020 | _a0882779664 | ||
| 050 | 0 | 0 |
_aKF4748 _b.G8 1992 |
| 100 | 1 |
_aGunther, Gerald, _d1927- |
|
| 245 | 1 | 0 |
_aIndividual rights in constitutional law / _cby Gerald Gunther. |
| 250 | _a5th ed. | ||
| 260 |
_aWestbury, N.Y. : _bFoundation Press, _c1992. |
||
| 300 | _axci, 1346 p. ; | ||
| 500 | _a"Reprinted in part from Gunther's constitutional law, twelfth edition, c1991"--T.p. verso. | ||
| 500 | _aKept up to date by supplement which also updates Constitutional law, 12th ed. | ||
| 500 | _aIncludes index. | ||
| 650 | 0 | _xCases. | |
| 942 |
_2lcc _cGEN |
||
| 999 |
_c6874 _d6874 |
||